Normal view
MARC view
- Shalihen bin Mohd Salleh
Entry Personal Name
001 - CONTROL NUMBER
- control field: 8622
003 - CONTROL NUMBER IDENTIFIER
- control field: OSt
005 - DATE AND TIME OF LATEST TRANSACTION
- control field: 20170530101344.0
008 - FIXED-LENGTH DATA ELEMENTS
- fixed length control field: 170530|| aca||aabn | a|a d
040 ## - CATALOGING SOURCE
- Original cataloging agency: OSt
- Transcribing agency: OSt
100 ## - HEADING--PERSONAL NAME
- Personal name: Shalihen bin Mohd Salleh
670 ## - SOURCE DATA FOUND
- Source citation: Work cat.: (OSt): Shalihen bin Mohd Salleh, Faktor Penentu Niat Kepatuhan Cukai Jualan Tempatan / , 2012

PORTAL AKMAL
E-MEL JKDM
AKMAL2U
G-BAM
u-PUSTAKA